00941nam a2200241 a 450000100060000000300090000600800410001501500210005602000340007704000280011104300180013908200180015710000360017524501760021125000120038726000430039930000310044249000700047360000350054365000430057865100470062170000310066824223CO-ViMGA141112s2004 ck r 000 u spa d ack - 2010 - xxxx a9789584465153 (obra completa) aCO-ViMGAbspacCO-ViMGA as - ck - - - 04a986.102 S157a1 aSantos Molano, Enrique, 1942 - 10aAntonio Nariño / cEnrique Santos Molano ; concepción y dirección editorial, Carlos Nicolás Hernández Camacho ; reproducción fotográfica, Juan Carlos Barbero a1a. ed. aBogotá : bC. N. Hernández, c2010 a96 p. : il., fot. ; 31 cm. aBiblioteca colombiana ilustrada. Bicentenario de la independencia aNariño, Antonio, 1765 - 182314aDerechos civiles - Historia - Colombia aColombia - Historia - Colonia, 1550 - 18101 aBarbero, Juan Carlos, ftg.